| 000 | 00472 a2200157 4500 | ||
|---|---|---|---|
| 020 | _a 9971514028 | ||
| 040 |
_aDLC _bDLC |
||
| 082 | _a658.404 | ||
| 100 | _aWysocki, Robert K. | ||
| 245 |
_aEffective project management _cWysocki, Robert K. |
||
| 260 |
_a New York : _b Wiley, _cc2000. |
||
| 300 |
_axvii, 359 p. : _bill. ; _c24 cm. + _e 1 CD ROM. |
||
| 500 | _a Includes bibliographical references and index | ||
| 650 | _aProject management. | ||
| 942 |
_cBK _k658.404 WYS _2ddc |
||
| 999 |
_c8574 _d8574 |
||